000 00642nam a22001697a 4500
999 _c10004
_d10004
008 180725b ||||| |||| 00| 0 eng d
082 _22017
_aUT 0941
_bB47
100 _929529
_aBiñan, Haszel Mae G.
245 _aStudy habits and research self-efficacy of english 201 students in UMDC
_cHazel Mae G. Biñan, Mary Mae C. Josol and Marjore R. Lanticse.
260 _aDigos City:
_bUMDC
_cNovember 2017.
300 _a54 pages;
_b30 cm.
650 0 _929530
_aEducation
_vEnglish
_xUndergradute thesis
700 _929531
_aBiñan, Hazel Mae G.
700 _929532
_aJosol, Mary Mae C.
700 _929533
_aLanticse, Marjore R.
942 _2ddc
_cUT